| 000 | 00559nam a2200157 i 4500 | ||
|---|---|---|---|
| 001 | 45300 | ||
| 003 | ES-MaACL | ||
| 005 | 20230906161208.0 | ||
| 007 | t| | ||
| 008 | 030325s1860 fr ||||1| fre d | ||
| 245 | 0 | 0 |
_aCodes usuels de la legislation française avec des annotations sur les lois d'intérêt général / _cpar M. Napoleon Bacqua suivi d'un appendice contenant les lois communales. |
| 260 |
_aParis : _bPaul Dupont, _c1860. |
||
| 300 |
_aVIII, 782 p. ; _c24 cm. |
||
| 700 | 1 |
_aBacqua de Labarthe, Napoleón. _924515 |
|
| 852 |
_aES-MaACL _jG-14794 |
||
| 999 |
_c45300 _d45300 |
||